| 000 | 03232nam a22003257a 4500 | ||
|---|---|---|---|
| 005 | 20120214105131.0 | ||
| 010 | _aB-475903-912 | ||
| 020 |
_a9788173159411 _c40.00 |
||
| 035 | _aB-475903-912 | ||
| 037 | _bब्लूबेरी बुक्स | ||
| 082 | _aक | ||
| 100 |
_aनिरूपमा _951116 |
||
| 245 |
_aबीरबल की खिचड़ी / _cनिरूपमा |
||
| 260 |
_aनई दिल्ली _bप्रभात प्रकाशन _c2011 |
||
| 270 |
_a4/19, आसफ अली रोड _bनई दिल्ली _e110002 |
||
| 300 |
_a16पृ. _bसचित्र _c28सेमी (अजिल्द) |
||
| 942 |
_2ddc _cCH _hक _mनिरूप |
||
| 999 |
_c62686 _d62686 |
||